Statistics for KEEPER OF THE LOST CITIES

Click here to take the quiz!

General Stats

  • This quiz has been taken 230 times
  • The average score is 8 of 10

Answer Stats

HintAnswer% Correct
Fitz's brotheralvar
98%
the Moonlarksophie foster
94%
Lord Cassius' sonkeefe sencen
92%
Fitz's sisterbiana vacker
88%
Grady and Edaline's deceased daughterjolie reuwen
85%
Prentice's sonwylie endal
84%
Sophie's best frienddex dizznee
82%
Keefe's motherlady gisela
80%
first name of the Song twinstam and linh
75%
Wylie's deceased mothercyrah endal
71%

Score Distribution

Percentile by Number Answered

Percent of People with Each Score

Your Score History

You have not taken this quiz